| 000 | 00329nam a22001337a 4500 | ||
|---|---|---|---|
| 999 |
_c15467 _d15467 |
||
| 020 | _a978812924504 | ||
| 082 |
_a621.381 _bMEH/PR |
||
| 100 |
_aMehta,V.K. _93182 |
||
| 245 | _aPrinciples of electronics / | ||
| 250 | _a11th ed. | ||
| 260 |
_aNew delhi ; _bS.chand and company , _c2016. |
||
| 700 |
_aMehta,rohit _93183 |
||
| 942 | _cBK | ||